|
|
|
|
| LEADER |
00904nam a2200277 4500 |
| 001 |
DLU180189231 |
| 005 |
##20181228 |
| 040 |
# |
# |
|a DLU
|b vie
|
| 041 |
# |
# |
|a vie
|
| 044 |
# |
# |
|a vn
|
| 100 |
# |
# |
|a Lê Văn Bính.
|
| 245 |
# |
# |
|a Giải quyết các tranh chấp quốc tế liên quan đến hoạt động của các quốc gia ở đại dương /
|c Lê Văn Bính.
|
| 653 |
# |
# |
|a Công ước Luật Biển năm 1982
|
| 653 |
# |
# |
|a Hiến chương Liên hợp quốc
|
| 653 |
# |
# |
|a Luật biển quốc tế
|
| 653 |
# |
# |
|a Tranh chấp quốc tế
|
| 773 |
# |
# |
|t Nhà nước và pháp luật
|g Số 9(281), 2011, tr. 58-67
|
| 920 |
# |
# |
|a Phòng Tạp chí -- Trung tâm Thông tin - Thư viện Trường Đại học Đà Lạt
|
| 994 |
# |
# |
|a DLU
|
| 900 |
# |
# |
|a True
|
| 911 |
# |
# |
|a Hoàng Thị Huyền
|
| 925 |
# |
# |
|a G
|
| 926 |
# |
# |
|a A
|
| 927 |
# |
# |
|a BB
|
| 980 |
# |
# |
|a Thư viện Trường Đại học Đà Lạt
|